Introduction to multiple and locomotor disability (Record no. 8792)
[ view plain ]
| 000 -LEADER | |
|---|---|
| fixed length control field | 00505nam a2200169Ia 4500 |
| 008 - FIXED-LENGTH DATA ELEMENTS--GENERAL INFORMATION | |
| fixed length control field | 230917s9999||||xx |||||||||||||| ||und|| |
| 020 ## - ISBN | |
| Price | RS 1650.00 |
| 040 ## - CATALOGING SOURCE | |
| -- | 5008127 |
| Original cataloging agency | VIVEKANANDA LIBRARY |
| 041 ## - Language | |
| -- | English |
| 082 ## - DDC NUMBER | |
| Classification number | 362.196700954 R162I |
| 100 ## - MAIN ENTRY--PERSONAL NAME | |
| Personal name | Ranganathan, Sarala |
| 245 #0 - TITLE STATEMENT | |
| Title | Introduction to multiple and locomotor disability |
| 260 ## - PUBLICATION, DISTRIBUTION, ETC. (IMPRINT) | |
| Place of publication, distribution, etc | New Delhi |
| Name of publisher, distributor, etc | Kanishka Publishers, Distributors |
| Date of publication, distribution, etc | 2023 |
| 300 ## - PHYSICAL DESCRIPTION | |
| Pages | viii, 292 p. |
| 500 ## - GENERAL NOTE | |
| General note | 5055 31/01/2023 KPD21/433 23/11/2021 Main Budget |
| 942 ## - ADDED ENTRY ELEMENTS (KOHA) | |
| Koha item type | Books |
| Withdrawn status | Lost status | Damaged status | Not for loan | Location (home branch) | Sublocation or collection (holding branch) | Date acquired | Koha issues (times borrowed) | Koha full call number | Accession No. | Koha date last seen | Koha item type | Shelving location |
|---|---|---|---|---|---|---|---|---|---|---|---|---|
| VIVEKANANDA LIBRARY | VIVEKANANDA LIBRARY | 20/12/2021 | 362.196700954 R162I | 393133 | 17/09/2023 | Books | ||||||
| VIVEKANANDA LIBRARY | VIVEKANANDA LIBRARY | 20/12/2021 | 362.196700954 R162I | 407200 | 17/09/2023 | Books | Centre for Disability Studies | |||||
| VIVEKANANDA LIBRARY | VIVEKANANDA LIBRARY | 20/12/2021 | 362.196700954 R162I | 407201 | 17/09/2023 | Books | Centre for Disability Studies | |||||
| VIVEKANANDA LIBRARY | VIVEKANANDA LIBRARY | 20/12/2021 | 362.196700954 R162I | 407202 | 17/09/2023 | Books | Centre for Disability Studies | |||||
| VIVEKANANDA LIBRARY | VIVEKANANDA LIBRARY | 20/12/2021 | 362.196700954 R162I | 407203 | 17/09/2023 | Books | Centre for Disability Studies | |||||
| VIVEKANANDA LIBRARY | VIVEKANANDA LIBRARY | 20/12/2021 | 362.196700954 R162I | 407204 | 17/09/2023 | Books | Centre for Disability Studies |
